[Event "XI GRAN TORNEO INTERNACIONAL AFICIONADOS"]
[Site "Benidorm (Alicante - SPAIN)"]
[Date "2012.12.08"]
[Round "10"]
[White "Ayza Casamitjana, Antoni"]
[Black "Rios Torondell, Jaume"]
[Result "1/2-1/2"]
[WhiteElo "1882"]
[BlackElo "1944"]
[PlyCount "55"]
[EventDate "2012.11.30"]
[EventRounds "10"]
[EventCountry "ESP"]

1. a3 d5 2. Nf3 Bg4 3. e3 e5 4. Be2 Bd6 5. h3 Bh5 6. d3 Nc6 7. Nbd2 Bg6 8. e4
dxe4 9. Nxe4 Be7 10. O-O Nf6 11. Nfd2 Nd4 12. Nxf6+ Bxf6 13. Re1 O-O 14. Bf3
Nxf3+ 15. Qxf3 c6 16. Ne4 Be7 17. Bd2 f5 18. Ng3 e4 19. Qe2 Bd6 20. dxe4 Bxg3
21. fxg3 fxe4 22. Bc3 Qb6+ 23. Kh2 Qf2 24. Rad1 Qxe2 25. Rxe2 Rad8 26. Rxd8
Rxd8 27. Kg1 Rd1+ 28. Kf2 1/2-1/2

[Event "XI GRAN TORNEO INTERNACIONAL AFICIONADOS"]
[Site "Benidorm (Alicante - SPAIN)"]
[Date "2012.12.08"]
[Round "10"]
[White "Delgado Lozano, Jose Manuel"]
[Black "Fernandez Garcia, Ignacio"]
[Result "1-0"]
[WhiteElo "1934"]
[BlackElo "1794"]
[PlyCount "55"]
[EventDate "2012.11.30"]
[EventRounds "10"]
[EventCountry "ESP"]

1. d4 d5 2. Nf3 Nf6 3. c4 e6 4. Nc3 c6 5. Bg5 Be7 6. e3 Nbd7 7. Rc1 Qa5 8. Nd2
dxc4 9. Bxf6 Nxf6 10. Nxc4 Qg5 11. Ne5 Nd5 12. h4 Qh6 13. Ng4 Qh5 14. e4 Nxc3
15. Nf6+ Bxf6 16. Qxh5 Nxe4 17. Qf3 Nd6 18. Rxc6 Nf5 19. Rc7 O-O 20. Bd3 Nxd4
21. Qe4 g6 22. h5 Nf5 23. hxg6 hxg6 24. g4 Ng7 25. Qf3 Bd8 26. Qh3 Nh5 27. gxh5
Bxc7 28. hxg6 1-0

[Event "XI GRAN TORNEO INTERNACIONAL AFICIONADOS"]
[Site "Benidorm (Alicante - SPAIN)"]
[Date "2012.12.08"]
[Round "10"]
[White "Garcia Martinez, Oscar"]
[Black "Blesa Fernandez, Francisco"]
[Result "1-0"]
[WhiteElo "1822"]
[BlackElo "1889"]
[PlyCount "71"]
[EventDate "2012.11.30"]
[EventRounds "10"]
[EventCountry "ESP"]

1. f4 e5 2. e4 Bc5 3. Nf3 d6 4. c3 Nc6 5. d4 exd4 6. cxd4 Bb4+ 7. Nc3 Nf6 8.
Bd3 Bg4 9. Be3 Qe7 10. Qc2 Ba5 11. O-O Bb6 12. Bb5 O-O 13. Bxc6 bxc6 14. Rae1
Bxf3 15. gxf3 Nh5 16. Qd2 Qh4 17. Qf2 Qxf2+ 18. Kxf2 Ba5 19. Rc1 Bxc3 20. Rxc3
Rab8 21. b3 Rb6 22. Rfc1 Ra6 23. R1c2 Rb8 24. Rxc6 Rxc6 25. Rxc6 Rb7 26. d5 f5
27. e5 dxe5 28. fxe5 Kf7 29. Ke2 Ke7 30. Bc5+ Ke8 31. Ke3 g5 32. Ra6 Nf4 33.
Rh6 Nxd5+ 34. Kd4 Nb4 35. Rxh7 Nxa2 36. e6 1-0

[Event "XI GRAN TORNEO INTERNACIONAL AFICIONADOS"]
[Site "Benidorm (Alicante - SPAIN)"]
[Date "2012.12.08"]
[Round "10"]
[White "Olmos Rosa, Fernando"]
[Black "Roca Cruz, Rafael"]
[Result "1-0"]
[WhiteElo "1818"]
[BlackElo "1992"]
[PlyCount "51"]
[EventDate "2012.11.30"]
[EventRounds "10"]
[EventCountry "ESP"]

1. e4 c6 2. d4 d5 3. exd5 cxd5 4. g3 Nf6 5. c3 e6 6. Bg2 Bd6 7. Ne2 O-O 8. O-O
b5 9. Bf4 Bb7 10. Bxd6 Qxd6 11. Nd2 Nc6 12. Rc1 a5 13. Nf3 Rac8 14. Re1 Ba6 15.
Qd3 Rc7 16. a4 Na7 17. axb5 Nxb5 18. Qb1 a4 19. Qa1 a3 20. b3 Ne4 21. c4 dxc4
22. bxc4 Na7 23. c5 Qd7 24. Ne5 Qd5 25. Nf4 Qb3 26. Bxe4 1-0

[Event "XI GRAN TORNEO INTERNACIONAL AFICIONADOS"]
[Site "Benidorm (Alicante - SPAIN)"]
[Date "2012.12.08"]
[Round "10"]
[White "Blonna, Michele"]
[Black "Puig Carres, Josep"]
[Result "0-1"]
[WhiteElo "1970"]
[BlackElo "1815"]
[PlyCount "26"]
[EventDate "2012.11.30"]
[EventRounds "10"]
[EventCountry "ESP"]

1. d4 d5 2. c4 e6 3. Nc3 a6 4. f3 Nc6 5. Nh3 dxc4 6. e3 b5 7. a4 Rb8 8. Nf2 Nf6
9. Be2 Be7 10. O-O O-O 11. Qc2 Bd7 12. Rd1 Nb4 13. h3 Nxc2 0-1